000 00306nam a2200121Ia 4500
005 20251222141905.0
008 251222s9999||||xx |||||||||||||| ||spa||
082 _a155.232/C72
100 _aCocteau, Paul
245 0 _aCómo superar la timidez en cuarenta días:
264 _bIberico Europea
942 _cLIB
999 _c8180
_d8180